<?xml version="1.0" encoding="UTF-8"?>
<record
    xmlns:xsi="http://www.w3.org/2001/XMLSchema-instance"
    xsi:schemaLocation="http://www.loc.gov/MARC21/slim http://www.loc.gov/standards/marcxml/schema/MARC21slim.xsd"
    xmlns="http://www.loc.gov/MARC21/slim">

  <leader>00509nam a2200157Ia 4500</leader>
  <controlfield tag="008">190719s9999||||xx |||||||||||||| ||und||</controlfield>
  <datafield tag="020" ind1=" " ind2=" ">
    <subfield code="a">9781906915391</subfield>
    <subfield code="c">&#xA3; 35.00</subfield>
  </datafield>
  <datafield tag="040" ind1=" " ind2=" ">
    <subfield code="a">IMU Kochi</subfield>
  </datafield>
  <datafield tag="082" ind1="0" ind2="4">
    <subfield code="a">387.55</subfield>
    <subfield code="b">C2799</subfield>
  </datafield>
  <datafield tag="110" ind1=" " ind2=" ">
    <subfield code="a">The Nautical Institute</subfield>
  </datafield>
  <datafield tag="245" ind1=" " ind2="0">
    <subfield code="a">Casualty Management Guidelines / </subfield>
    <subfield code="c">The Nautical Institute</subfield>
  </datafield>
  <datafield tag="260" ind1=" " ind2=" ">
    <subfield code="a">London : </subfield>
    <subfield code="b">The Nautical Institute , </subfield>
    <subfield code="c">2012</subfield>
  </datafield>
  <datafield tag="300" ind1=" " ind2=" ">
    <subfield code="a">v, 140 p.</subfield>
    <subfield code="b"> : col. Ill.</subfield>
    <subfield code="c">; 24 cm.</subfield>
  </datafield>
  <datafield tag="650" ind1=" " ind2=" ">
    <subfield code="a">Merchant marine</subfield>
    <subfield code="x">Death</subfield>
    <subfield code="v">Handbooks, manuals, etc.</subfield>
  </datafield>
  <datafield tag="942" ind1=" " ind2=" ">
    <subfield code="2">ddc</subfield>
    <subfield code="c">BK</subfield>
  </datafield>
  <datafield tag="999" ind1=" " ind2=" ">
    <subfield code="c">24</subfield>
    <subfield code="d">24</subfield>
  </datafield>
  <datafield tag="952" ind1=" " ind2=" ">
    <subfield code="0">0</subfield>
    <subfield code="1">0</subfield>
    <subfield code="4">0</subfield>
    <subfield code="7">0</subfield>
    <subfield code="8">NUTS</subfield>
    <subfield code="a">KO</subfield>
    <subfield code="b">KO</subfield>
    <subfield code="c">REF</subfield>
    <subfield code="d">2017-04-29</subfield>
    <subfield code="e">Segment Book Distrubuters</subfield>
    <subfield code="g">3045.00</subfield>
    <subfield code="o">387.55 C2799</subfield>
    <subfield code="p">BK003125</subfield>
    <subfield code="r">2019-07-19</subfield>
    <subfield code="w">2019-07-19</subfield>
    <subfield code="y">BK</subfield>
    <subfield code="z">Shelf-4, Row-3</subfield>
  </datafield>
  <datafield tag="952" ind1=" " ind2=" ">
    <subfield code="0">0</subfield>
    <subfield code="1">0</subfield>
    <subfield code="4">0</subfield>
    <subfield code="7">0</subfield>
    <subfield code="8">NUTS</subfield>
    <subfield code="a">KO</subfield>
    <subfield code="b">KO</subfield>
    <subfield code="c">REF</subfield>
    <subfield code="d">2017-04-29</subfield>
    <subfield code="e">Segment Book Distrubuters</subfield>
    <subfield code="g">3045.00</subfield>
    <subfield code="o">387.55 C2799</subfield>
    <subfield code="p">BK003126</subfield>
    <subfield code="r">2019-07-19</subfield>
    <subfield code="w">2019-07-19</subfield>
    <subfield code="y">BK</subfield>
    <subfield code="z">Shelf-4, Row-3</subfield>
  </datafield>
</record>
